3 Clubs - 1 joueur #5 - Statistiques

Statistiques générales
  • Ce quiz a été pris 108 fois
  • Le résultat moyen est 4 sur 10
Statistiques - réponses
Clubs Joueur % Correct
SC International - Chelsea FC - Shanghai Port Oscar
95%
AC Milan - Chelsea FC - Sao Paulo FC Alexandre Pato
60%
Olympique de Marseille - FC Porto - Stoke City Giannelli Imbula
38%
FC Porto - Manchester City - AS Saint-Etienne Eliaquim Mangala
33%
Arsenal FC - West Ham United - AFC Bournemouth Jack Wilshere
32%
Stade rennais - VfL Wolfsburg - AS Saint-Etienne Paul-Georges Ntep
31%
AC Milan - AS Monaco - AS Rome Stephan EL Shaarawy
27%
Borussia Dortmund - Celta Vigo - Fenerbahçe SK Emre Mor
26%
AJ Auxerre - Arsenal FC - Olympique de Marseille Abou Diaby
24%
Arsenal FC - Juventus FC - VfL Wolfsburg Nicklas Bendtner
21%
Aucun quiz correspondant
Distribution des résultats
% des personnes avec chaque résultat
Percentile par nombre de réponses
Votre historique - résultats
Vous n’avez pas pris ce quiz